All 1M+ Combined Metropolitan Areas in the USA - Statistics

General Stats
  • This quiz has been taken 1,164 times
    1,163 since last reset
  • The average score is 52 of 63
Answer Stats
Hint Answer % Correct
18,372,485 Los Angeles
100%
23,143,097 New York
100%
9,806,184 Chicago
99%
8,449,932 Dallas-Fort Worth
99%
6,909,110 Miami
99%
7,533,096 Houston
98%
9,482,708 San Francisco Bay Area
98%
8,413,327 Boston
97%
7,381,187 Philadelphia
97%
4,982,019 Seattle
97%
9,968,104 Washington-Baltimore
97%
7,088,898 Atlanta
96%
5,069,600 Phoenix
96%
5,368,296 Detroit
95%
3,285,859 Portland
95%
2,421,115 Austin
94%
3,663,515 Denver
94%
4,085,415 Minneapolis-St. Paul
94%
3,276,208 San Diego
94%
1,807,412 Jacksonville
93%
2,545,616 Kansas City
93%
1,485,510 New Orleans
93%
4,428,098 Orlando
93%
3,290,730 Tampa
93%
3,598,304 Cleveland
92%
2,180,071 Nashville
92%
2,673,157 San Antonio
92%
2,905,202 St. Louis
92%
2,920,892 Charlotte
91%
2,565,032 Columbus
91%
2,524,790 Indianapolis
91%
2,377,723 Las Vegas
91%
2,323,945 Cincinnati
90%
1,354,756 Memphis
90%
2,035,084 Milwaukee
90%
1,532,913 Oklahoma City
90%
2,631,213 Pittsburgh
90%
1,237,631 Buffalo
87%
2,190,786 Raleigh
87%
2,774,686 Salt Lake City
87%
2,701,808 Sacramento
85%
1,165,564 Albuquerque
84%
1,095,532 El Paso
83%
1,513,559 Louisville
83%
1,106,356 Tucson
80%
1,013,668 Omaha
79%
1,339,182 Richmond
79%
1,898,944 Virginia Beach-Norfolk
78%
1,153,719 Tulsa
75%
1,352,565 Birmingham
72%
1,328,427 Fresno
71%
1,438,472 New Haven-Hartford
71%
1,171,569 Rochester
64%
1,194,635 Albany
63%
1,720,328 Greensboro-Winston-Salem
59%
1,432,693 Grand Rapids
55%
1,189,808 Knoxville
55%
1,314,589 Harrisburg
46%
1,085,335 Dayton
45%
1,261,786 Cape Coral-Fort Myers
36%
1,018,929 Chattanooga
33%
1,537,109 Greenville
24%
1,129,384 North Port-Sarasota
19%
No matching quizzes found
Score Distribution
Percent of People with Each Score
Percentile by Number Answered
Your Score History
You have not taken this quiz since the last reset